| 000 | 01485nam a22002894c 4500 | ||
|---|---|---|---|
| 003 | AR-BaSMT | ||
| 008 | 260506b2026 aga|||br|||| 001 1beng | | ||
| 020 | _a9789878015255 | ||
| 040 |
_aBSGB _bespañol _cBSGB _erda |
||
| 041 |
_aspa _hespañol |
||
| 080 | _a82-34 | ||
| 100 | 1 |
_aGaleano, Eduardo _9464 |
|
| 245 |
_aPuro futbol : _bhistorias del juego más lindo del mundo |
||
| 250 | _aPrimera edición | ||
| 264 |
_aBuenos aires : _bSiglo XXI Editores , _c202 |
||
| 300 |
_a112 páginas ; _bilustraciones color |
||
| 336 |
_2rdacontent _atexto _btxt |
||
| 337 |
_2rdamedia _asin mediación _bn |
||
| 338 |
_2rdacarrier _avolumen _bnc |
||
| 520 | _aEl fútbol nació hace más de cinco mil años y en cada país desarrolló sus propias reglas. Lo jugaron los chinos, los egipcios, los romanos y los británicos; los aztecas y otros habitantes de la América precolombina. Con el tiempo se fue perfeccionando: la pelota evolucionó, cambiaron las reglas y la cantidad de jugadores. Lo que nunca cambió es la pasión de multitudes por el juego más lindo del mundo. GALEANO quiso ser futbolista. Pero como solo jugaba bien en el mundo de los sueños, prefirió dedicarse a contar el fanatismo d los hinchs, a genialidades de los grandes jugadores y las historias de los partidos que conmovieron al mundo. | ||
| 521 | _aA partir de 9 años | ||
| 650 | 7 |
_98 _aLITERATURA INFANTIL |
|
| 650 | 7 |
_923 _aCUENTO |
|
| 653 | _aFútbol | ||
| 942 |
_2ddc _aBOOK |
||
| 999 |
_c663 _d663 |
||